[Event "DEN-ch U14 rapid"]
[Site "Odense"]
[Date "2020.11.20"]
[Round "3"]
[White "Mai, Huong"]
[Black "Skov, Emil"]
[Result "1/2-1/2"]
[WhiteElo "1000"]
[BlackElo "1038"]
[PlyCount "99"]
[EventDate "2020.11.20"]
[EventType "swiss"]
[EventRounds "5"]
[EventCountry "DEN"]
[SourceTitle "EXT 2024"]
[Source "ChessBase"]
[SourceDate "2023.10.10"]
[SourceVersion "1"]
[SourceVersionDate "2023.10.10"]
[SourceQuality "1"]

1. e4 c5 2. Nf3 d6 3. h3 Nf6 4. Nc3 Nc6 5. Bc4 e6 6. d4 cxd4 7. Nxd4 e5 8. Nf5 g6 9. Nh6 Bxh6 10. Bxh6 Ng8 11. Bg7 Qg5 12. Bxh8 Qxg2 13. Rf1 Bxh3 14. Qd3 Nd4 15. Bb5+ Kd8 16. Bg7 a6 17. Bc4 b5 18. Bd5 Nxc2+ 19. Kd2 Nxa1 20. Rxa1 Qxf2+ 21. Ne2 Rc8 22. Bb7 Rc4 23. Qxd6+ Bd7 24. Bxe5 Rc2+ 25. Kxc2 Qxe2+ 26. Qd2 Qc4+ 27. Bc3 b4 28. Rd1 Qc7 29. Qg5+ Ne7 30. Bxa6 bxc3 31. bxc3 Qa7 32. Qa5+ Ke8 33. Rd6 Qf2+ 34. Kb3 Be6+ 35. Bc4 Bxc4+ 36. Kxc4 Qe2+ 37. Kb3 Nc6 38. Qa8+ Ke7 39. Qxc6 Qg4 40. Qc7+ Kf8 41. Qd8+ Kg7 42. e5 Qg2 43. Rd7 h5 44. e6 Qc6 45. Rxf7+ Kh6 46. Qb8 Qxe6+ 47. c4 Qxf7 48. Qh8+ Kg5 49. Qe5+ Kg4 50. Qe4+ 1/2-1/2

[Event "DEN-ch U14 rapid"]
[Site "Odense"]
[Date "2020.11.20"]
[Round "2"]
[White "Skov, Emil"]
[Black "Wahlgreen, Noah Krug"]
[Result "0-1"]
[WhiteElo "1038"]
[BlackElo "1905"]
[PlyCount "78"]
[EventDate "2020.11.20"]
[EventType "swiss"]
[EventRounds "5"]
[EventCountry "DEN"]
[SourceTitle "EXT 2024"]
[Source "ChessBase"]
[SourceDate "2023.10.10"]
[SourceVersion "1"]
[SourceVersionDate "2023.10.10"]
[SourceQuality "1"]

1. e4 c6 2. d4 d5 3. Nc3 dxe4 4. Nxe4 Bf5 5. Ng3 Bg6 6. Nf3 h6 7. Bd3 Bxd3 8. Qxd3 Nf6 9. 0-0 e6 10. Re1 Qc7 11. c4 Be7 12. Ne5 0-0 13. Bf4 Re8 14. Ng6 Bd6 15. Bxd6 Qxd6 16. c5 Qc7 17. Ne5 Rd8 18. Ne4 Nxe4 19. Rxe4 Na6 20. a3 Nxc5 21. Qe3 Nxe4 22. Qxe4 Rd5 23. Rc1 Rad8 24. Nf3 Qb6 25. b4 a5 26. Rc4 Qb5 27. Nd2 e5 28. a4 Qxa4 29. bxa5 Qd1+ 30. Nf1 Rxd4 31. Rxd4 Qxd4 32. Qb1 Qc4 33. Qxb7 Rd1 34. Qc8+ Kh7 35. Qf5+ g6 36. Qxf7+ Qxf7 37. h3 Qc4 38. Kh2 Rxf1 39. Kg3 Qf4# 0-1